000 00548nam a2200181Ia 4500
005 20240328152636.0
008 231207s9999 xx 000 0 und d
020 _a9788876243837
040 _cNCA-PK
082 _a739.23
_bBER
100 _aBeringen, John ... [et al.]
245 4 _aThe art of silver jewellery from the minorities of China, the golden triangle, mongolia and tibet
260 _bSkira
_c2006
300 _a238p
546 _aEnglish
650 _aSilver Jewellery, Jewellery - China, Silver and Gold - History
942 _cREF
999 _c26205
_d26205